| 000 | 00422nam a2200097Ia 4500 | ||
|---|---|---|---|
| 008 | 180130s9999 xx 000 0 und d | ||
| 245 |
_cYin, Shibin; Ren, Yongjie; Yang, Shourui; Ye, Shenghua _aA vision-based self-calibration method for advanced robotic computer architecture |
||
| 260 | _c2015 | ||
| 300 | _aBook title: Advanced computer architectures--Acession number C20541; pages 229-254 | ||
| 650 | _aCOMPUTER ARCHITECTURE | ||
| 999 |
_c354086 _d354086 |
||